| 000 | 00461nam a2200169 a 4500 | ||
|---|---|---|---|
| 005 | 20240919064509.0 | ||
| 008 | 991125s1990 mx 000 0 spa u | ||
| 035 | _aUPN01000014621 | ||
| 049 | _aCG | ||
| 050 | 4 |
_aGF516 _bA5.7 |
|
| 245 | 0 | 1 | _a[Antología de educación ambiental]. |
| 260 |
_a[México : _bUPN, _c1990?]. |
||
| 300 | _a1 v. (en varias paginaciones) | ||
| 500 | _aContiene 16 artículos | ||
| 650 | 4 |
_aEducación ambiental _94338 |
|
| 905 | _aLibro | ||
| 999 |
_c14621 _d14621 |
||